Score 0/26 Timer 06:00
5 Plays Today
% Correct
Queen
98.1%
One
97.2%
Nine
96.7%
Zero
95.1%
Pawn
94.6%
Delaware
91.1%
Spanish
90.8%
Joey
90.7%
Monica
89.9%
Bishop
89.9%
Hawaii
89.5%
Chandler
89.2%
Louisiana
88.5%
% Correct
Yankees
82.3%
Uranium
82%
Xenon
78.2%
Entertainment
76.9%
Indians
68.5%
Arabic
67.9%
Television
67.1%
Religion
62.4%
White Sox
48.9%
Vanadium
34.8%
Kurt
30.3%
Gretl
27.2%
Friedrich
22.2%
Remove Ads.
Support Sporcle.
Get the best of Sporcle when you Go Orange. This ad-free experience offers more features, more stats, and more fun while also helping to support Sporcle. Thank you for becoming a member.

You're not logged in!

Compare scores with friends on all Sporcle quizzes.
OR
Log In

Show Comments

Extras

Top Quizzes Today


Score Distribution

Your Account Isn't Verified!

In order to create a playlist on Sporcle, you need to verify the email address you used during registration. Go to your Sporcle Settings to finish the process.

Report this User

Report this user for behavior that violates our Community Guidelines.

Details: